| 000 | 00415nam a2200157Ia 4500 | ||
|---|---|---|---|
| 003 | GCL | ||
| 008 | 140319s9999 xx 000 0 eng d | ||
| 040 |
_aGCL / _cGCL |
||
| 082 | 0 | 4 |
_aCH _b423 _bD J |
| 100 | 1 | _aDURY, ALAN | |
| 245 | 1 | 0 |
_aJUNIOR DICTIONARY / _cDURY, ALAN |
| 260 |
_a[S.N] : _bWORLD INTERNATIONAL PUBLISHING ، _c1994 |
||
| 300 | _a159 | ||
| 650 | 0 | 4 | _aENCYCLOPEDIAS AND DICTIONARIES |
| 942 |
_2ddc _cBK |
||
| 999 |
_c17471 _d17471 |
||